000 00504nam a22002057a 4500
008 150223b xxu||||| |||| 00| 0 eng d
020 _a978-93-82618-44-7
041 _aEng.
082 _a904
_bD15r
100 _aDalal, Deepak
245 _aRanthmbore;
_badventure.
260 _aBanglore:
_bOah Publisher,
_c1998
300 _a173p.
650 _aAdventure and Adventures
650 _aTravel
650 _aWidlife
650 _aTigers
650 _aWildlife conservation
942 _2ddc
_cGEN
999 _c75005
_d74994